LEADER 01565nam a2200265 u 4500 001 000000081260 003 CaOOAMICUS 005 20070226123733.0 008 050317s2004 it u000 u eng u 035 $a11034928 040 $aPUL$bita 100 1 $aSagwe, Joseph Obanyi.$0(OLS)http://pul/name/54177 245 14$aThe diocesan synod and "Ecclesia in Africa" :$ba canonical-pastoral reflection on the role of the diocesan synod in the implementation of the African Synod in the light of can. 460 of the 1983 Code of Canon Law /$cJoseph Obanyi Sagwe. 260 $aRoma :$bPontificia Università Lateranense,$c2004. 300 $a366 p. ;$c24 cm 500 $aIn testa al front: "Theses ad Doctoratum in Iure Canonico". 502 $aDiss. (Doct.)-- Pontificia Università Lateranense, 2004. 504 $aBibliografia: p. 349-366. 610 24$aPapi (1978-2005 : Iohannes Paulus PP. II).$tEcclesia in Africa.$0(OLS)http://pul/subject/28031 650 4$aSinodi dei vescovi$zAfrica.$0(OLS)http://pul/subject/28094 850 $aPUL 852 $aPUL$W1$xDP1 Tesi Pon Univ. Lateranense$y41$mTH PUL 1326$j103695$nBK-PRI$b $qTesi$B103695$CPULBib$Z2$F103695 $HPUL100935 $81 941 1 $a16 996 $6245$aThe diocesan synod and "Ecclesia in Africa" :$ba canonical-pastoral reflection on the role of the diocesan synod in the implementation of the African Synod in the light of can. 460 of the 1983 Code of Canon Law$9(OLS)http://pul/title/106292 996 $6260$aRoma :$bPontificia Università Lateranense$9(OLS)http://pul/publisher/47963 LEADER 01540nam a2200349 u 4500 001 000000046548 003 CaOOAMICUS 005 20070226114803.0 008 990714s1988 it u000 u ita u 020 $a8870307220 035 $a10829698 040 $aPUL(R)$bita 245 00$aChiesa e bioetica :$bGiovanni Paolo II ai medici e agli operatori sanitari /$ca cura di Dionigi Tettamanzi. 260 $aMilano :$bMassimo,$c[1988] 300 $a456 p. ;$c22 cm 490 1 $aEnciclopedie per tutti ;$v11 504 $aNote bibliografiche. 650 4$aBioetica.$0(OLS)http://pul/subject/2868 700 1 $aTettamanzi, Dionigi,$ccardinale,$d1934-2017.$0(OLS)http://pul/name/30831 700 0 $aIohannes Paulus PP.$bII,$csanto,$d1920-2005.$0(OLS)http://pul/name/1830 830 0$aEnciclopedie per tutti ;$v11.$0(OLS)http://pul/title/750 850 $aPUL 852 $aPUL$W1$xSL Religione 1$y3$m39 B 95$j62366$nBK-PRI$b $qStampati$B62366$CPULBib$Z2$F62366 $H $81 900 $aWojtyla, Karol,$cs.,$d1920-2005$91830 900 $aGiovanni Paolo II,$cpapa, s.,$d1920-2005$91830 910 $aPapi (1978-2005 : Iohannes Paulus PP. II)$91830 910 $aPapi (1978-2005 : Iohannes Paulus PP. II)$91830 941 1 $a8 961 $aINV: 60228 996 $6020$a8870307220$9(OLS)http://pul/number/58031 996 $6245$aChiesa e bioetica :$bGiovanni Paolo II ai medici e agli operatori sanitari$9(OLS)http://pul/title/62677 996 $6260$aMilano :$bMassimo$9(OLS)http://pul/publisher/48143